000
00308cam a22001217a 4500
008
180718b1957 xxu||||| |||| 00| 0 eng d
082
_a
B2 Ah51
100
_a
Ahmad, I.
245
_a
First principles of politics
_c
by I. Ahmad
260
_a
Allahabad
_b
_c
1957
300
_a
315p.
650
_a
Political science.
999
_c
357154
_d
357154